00401nam a2200133Ia 450000500170000000800410001708200150005810000240007324500870009725000090018426000480019330000160024165000100025720240422021722.0240331s9999 xx 000 0 und d bBAXa331.4 aBaxamusa, Ramala M. 0aAssistance for women's development from national agencies :bemployment programmes a1 ST aBombay :bPopular prakashan PVT LTD /c1992 aX, 205 P ., aWomen